Southville International School and Colleges
Your cart is empty.
  • Cart
  • Lists
    Public lists Eva Luna New books Lux_list list_1
    Your lists Log in to create your own lists
  • Log in to your account
  • Your cookies
  • Search history
Southville International School and Colleges
  • Advanced search
  • Recent comments
  • Most popular
  • Libraries

Log in to your account

Log in with GOOGLE


If you do not have an external account, but do have a local account, you can still log in:

  1. Home
  2. MARC view: The Philippines :
Normal view MARC view ISBD view

The Philippines : (Record no. 288864)

[ view plain ]
MARC details
000 -LEADER
fixed length control field 00613nam a22002297a 4500
003 - CONTROL NUMBER IDENTIFIER
control field OSt
005 - DATE AND TIME OF LATEST TRANSACTION
control field 20151015100506.0
008 - FIXED-LENGTH DATA ELEMENTS--GENERAL INFORMATION
fixed length control field 130206t xxu||||| |||| 00| 0 eng d
020 ## - INTERNATIONAL STANDARD BOOK NUMBER
International Standard Book Number 9716420714
050 ## - LIBRARY OF CONGRESS CALL NUMBER
Classification number DS 668
Item number .Z13 2006
082 ## - DEWEY DECIMAL CLASSIFICATION NUMBER
Classification number FIL959.9
Item number .Z21 1999
100 ## - MAIN ENTRY--PERSONAL NAME
Personal name Zaide, Sonia M.
245 ## - TITLE STATEMENT
Title The Philippines :
Remainder of title a unique nation /
Statement of responsibility, etc Sonia M. Zaide.
250 ## - EDITION STATEMENT
Edition statement 2nd edition.
260 ## - PUBLICATION, DISTRIBUTION, ETC. (IMPRINT)
Place of publication, distribution, etc Quezon City :
Name of publisher, distributor, etc All-Nations Publishing Co., Inc.,
Date of publication, distribution, etc 2006.
300 ## - PHYSICAL DESCRIPTION
Extent 478 pages ;
Dimensions 23 cm.
526 ## - STUDY PROGRAM INFORMATION NOTE
Reading level 1210L-1700L
562 ## - COPY AND VERSION IDENTIFICATION NOTE
Number of copies 2
942 ## - ADDED ENTRY ELEMENTS (KOHA)
Source of classification or shelving scheme Library of Congress Classification
Koha item type Books
Call number prefix Filipininana
Holdings
Withdrawn status Lost status Source of classification or shelving scheme Damaged status Home library Current library Shelving location Date acquired Source of acquisition Sub Shelving location Total Checkouts Total Renewals Full call number Barcode Date last seen Date checked out Price effective from Koha item type
    Library of Congress Classification   College Library College Library Filipiniana Section 10/15/2015 Donation   3 5 DS 668 .Z13 2006 C20201 02/17/2020 01/16/2020 10/15/2015 Books

The Philippines :

APA

Zaide S. M., . (2006). The Philippines. Quezon City: All-Nations Publishing Co., Inc.

Chicago

Zaide Sonia M, . 2006. The Philippines. Quezon City: All-Nations Publishing Co., Inc.

Harvard

Zaide S. M., . (2006). The Philippines. Quezon City: All-Nations Publishing Co., Inc.

MLA

Zaide Sonia M, . The Philippines. Quezon City: All-Nations Publishing Co., Inc. 2006.

  • Place hold
  • Print
  • Cite
  • Add to your cart (remove)
  • Save record
    BIBTEX Dublin Core MARCXML MARC (non-Unicode/MARC-8) MARC (Unicode/UTF-8) MARC (Unicode/UTF-8, Standard) MODS (XML) RIS
  • More searches
    Search for this title in:
    Other Libraries (WorldCat) Other Databases (Google Scholar) Online Stores (Bookfinder.com) Open Library (openlibrary.org)

Exporting to Dublin Core...

SOUTHVILLE LIBRARY

Southville International School and Colleges Library

1281 Tropical Ave. Cor. Luxembourg St., BF Homes International, Las Pinas City

Tel. No. 8256374 / 252358 Loc. 117/146

Powered by Koha